<?xml version="1.0" encoding="UTF-8"?>
<record
    xmlns:xsi="http://www.w3.org/2001/XMLSchema-instance"
    xsi:schemaLocation="http://www.loc.gov/MARC21/slim http://www.loc.gov/standards/marcxml/schema/MARC21slim.xsd"
    xmlns="http://www.loc.gov/MARC21/slim">

  <leader>03321namaa22004331i 4500</leader>
  <controlfield tag="003">OSt</controlfield>
  <controlfield tag="005">20250223033426.0</controlfield>
  <controlfield tag="008">250205s2024    |||a|||f m||| 000 0 eng d</controlfield>
  <datafield tag="040" ind1=" " ind2=" ">
    <subfield code="a">EG-GICUC</subfield>
    <subfield code="b">eng</subfield>
    <subfield code="c">EG-GICUC</subfield>
    <subfield code="d">EG-GICUC</subfield>
    <subfield code="e">rda</subfield>
  </datafield>
  <datafield tag="041" ind1="0" ind2=" ">
    <subfield code="a">eng</subfield>
    <subfield code="b">eng</subfield>
    <subfield code="b">ara</subfield>
  </datafield>
  <datafield tag="049" ind1=" " ind2=" ">
    <subfield code="a">Deposit</subfield>
  </datafield>
  <datafield tag="082" ind1="0" ind2="4">
    <subfield code="a">630</subfield>
  </datafield>
  <datafield tag="092" ind1=" " ind2=" ">
    <subfield code="a">630</subfield>
    <subfield code="2">21</subfield>
  </datafield>
  <datafield tag="097" ind1=" " ind2=" ">
    <subfield code="a">Ph.D</subfield>
  </datafield>
  <datafield tag="099" ind1=" " ind2=" ">
    <subfield code="a">Cai01.07.20.Ph.D.2024.Mo.U.</subfield>
  </datafield>
  <datafield tag="100" ind1="0" ind2=" ">
    <subfield code="a">Mohammed Nasr Ragab Heikal,</subfield>
    <subfield code="e">preparation.</subfield>
  </datafield>
  <datafield tag="245" ind1="1" ind2="0">
    <subfield code="a">Utilization of  entomonematodes in biological control of insect pests /</subfield>
    <subfield code="c">By  Mohammed Nasr Ragab Heikal;  Superviors  DR. Ahmed Mahmoud Aly Salman, DR. Ahmed Salah Mohamed Al-Roubi, DR. Muhammed s. M. Shamseldean.</subfield>
  </datafield>
  <datafield tag="246" ind1="1" ind2="5">
    <subfield code="a">&#x627;&#x633;&#x62A;&#x62E;&#x62F;&#x627;&#x645; &#x646;&#x64A;&#x645;&#x627;&#x62A;&#x648;&#x62F;&#x627; &#x627;&#x644;&#x62D;&#x634;&#x631;&#x627;&#x62A; &#x641;&#x64A; &#x645;&#x643;&#x627;&#x641;&#x62D;&#x629; &#x627;&#x644;&#x622;&#x641;&#x627;&#x62A; &#x627;&#x644;&#x62D;&#x634;&#x631;&#x64A;&#x629; /</subfield>
  </datafield>
  <datafield tag="264" ind1=" " ind2="0">
    <subfield code="c">2024.</subfield>
  </datafield>
  <datafield tag="300" ind1=" " ind2=" ">
    <subfield code="a">112 pages :</subfield>
    <subfield code="b">illustrations ;  </subfield>
    <subfield code="c">25 cm. + </subfield>
    <subfield code="e">CD.</subfield>
  </datafield>
  <datafield tag="336" ind1=" " ind2=" ">
    <subfield code="a">text</subfield>
    <subfield code="2">rda content</subfield>
  </datafield>
  <datafield tag="337" ind1=" " ind2=" ">
    <subfield code="a">Unmediated</subfield>
    <subfield code="2">rdamedia</subfield>
  </datafield>
  <datafield tag="338" ind1=" " ind2=" ">
    <subfield code="a">volume</subfield>
    <subfield code="2">rdacarrier</subfield>
  </datafield>
  <datafield tag="502" ind1=" " ind2=" ">
    <subfield code="a">Thesis (Ph.D)-Cairo University, 2024.</subfield>
  </datafield>
  <datafield tag="504" ind1=" " ind2=" ">
    <subfield code="a">Bibliography: pages 85-112. </subfield>
  </datafield>
  <datafield tag="520" ind1=" " ind2=" ">
    <subfield code="a">This study was planned to find novel indigenous Entomopathogenic Nematodes (EPN) in agricultural soils . one isolate did not show a high recorded in the database of the Gene Bank and hence was identified as a new Heterorhabditis species and was deposited at the National Center for Biotechnology Information (NCBI) and registered with an accession no. (OP555450) under the name of Heterorhabditis alii. Moreover, virulence of this new EPN species against the fall armyworm was tested in comparison to the foreign EPN species, Heterorhabditis bacteriophora (HP88) and the local Heterorhabditis indica (Mango 2 isolate) </subfield>
  </datafield>
  <datafield tag="520" ind1=" " ind2=" ">
    <subfield code="a">&#x62A;&#x645; &#x639;&#x632;&#x644; &#x62E;&#x645;&#x633; &#x633;&#x644;&#x627;&#x644;&#x627;&#x62A; &#x645;&#x646; &#x627;&#x644;&#x646;&#x64A;&#x645;&#x627;&#x62A;&#x648;&#x62F;&#x627; &#x627;&#x644;&#x645;&#x645;&#x631;&#x636;&#x629; &#x644;&#x644;&#x62D;&#x634;&#x631;&#x627;&#x62A; &#x645;&#x646; &#x639;&#x64A;&#x646;&#x627;&#x62A; &#x627;&#x644;&#x62A;&#x631;&#x628;&#x629;. &#x62A;&#x645; &#x625;&#x643;&#x62A;&#x634;&#x627;&#x641; &#x639;&#x632;&#x644;&#x629; &#x645;&#x646;&#x647;&#x645; &#x625;&#x646;&#x647;&#x627; &#x63A;&#x64A;&#x631; &#x645;&#x648;&#x62C;&#x648;&#x62F;&#x629; &#x641;&#x64A; &#x642;&#x627;&#x639;&#x62F;&#x629; &#x628;&#x64A;&#x627;&#x646;&#x627;&#x62A; &#x628;&#x646;&#x643; &#x627;&#x644;&#x62C;&#x64A;&#x646;&#x627;&#x62A;&#x60C; &#x648;&#x628;&#x627;&#x644;&#x62A;&#x627;&#x644;&#x64A; &#x62A;&#x645; &#x62A;&#x62D;&#x62F;&#x64A;&#x62F;&#x647;&#x627; &#x639;&#x644;&#x649; &#x623;&#x646;&#x647;&#x627; &#x646;&#x648;&#x639; &#x62C;&#x62F;&#x64A;&#x62F; &#x645;&#x646; Heterorhabditis &#x648;&#x62A;&#x645; &#x62A;&#x633;&#x62C;&#x644;&#x64A;&#x647;&#x627; &#x62A;&#x62D;&#x62A; &#x631;&#x642;&#x645; (OP555450) &#x62A;&#x62D;&#x62A; &#x627;&#x633;&#x645; Heterorhabditis alii &#x648;&#x62A;&#x645; &#x639;&#x645;&#x644; &#x627;&#x644;&#x62A;&#x648;&#x635;&#x64A;&#x641; &#x627;&#x644;&#x645;&#x648;&#x631;&#x641;&#x648;&#x644;&#x648;&#x62C;&#x64A;. &#x648;&#x62A;&#x645; &#x627;&#x62E;&#x62A;&#x628;&#x627;&#x631; &#x643;&#x641;&#x627;&#x621;&#x629; &#x647;&#x630;&#x627; &#x627;&#x644;&#x646;&#x648;&#x639; &#x627;&#x644;&#x62C;&#x62F;&#x64A;&#x62F; &#x636;&#x62F; &#x62F;&#x648;&#x62F;&#x629; &#x627;&#x644;&#x62D;&#x634;&#x62F; &#x628;&#x627;&#x644;&#x645;&#x642;&#x627;&#x631;&#x646;&#x629; &#x645;&#x639; &#x646;&#x648;&#x639; &#x623;&#x62C;&#x646;&#x628;&#x64A; &#x645;&#x62B;&#x644; Heterorhabditis bacteriophora HP88)) &#x648; &#x646;&#x648;&#x639; &#x645;&#x62D;&#x644;&#x64A; &#x648;&#x647;&#x648; (Heterorhabditis indica  Mango 2 isolate)  &#x648;&#x623;&#x62B;&#x628;&#x62A; &#x627;&#x644;&#x646;&#x648;&#x639; &#x627;&#x644;&#x62C;&#x62F;&#x64A;&#x62F; &#x623;&#x646;&#x647; &#x627;&#x644;&#x623;&#x643;&#x62B;&#x631; &#x641;&#x639;&#x627;&#x644;&#x64A;&#x629; &#x645;&#x646; &#x628;&#x64A;&#x646; &#x627;&#x644;&#x627;&#x646;&#x648;&#x627;&#x639; &#x627;&#x644;&#x62B;&#x644;&#x627;&#x62B;&#x629;.</subfield>
  </datafield>
  <datafield tag="530" ind1=" " ind2=" ">
    <subfield code="a">Issues also as CD.</subfield>
  </datafield>
  <datafield tag="546" ind1=" " ind2=" ">
    <subfield code="a">Text in English and abstract in English.	</subfield>
  </datafield>
  <datafield tag="650" ind1=" " ind2="7">
    <subfield code="a">Agriculture </subfield>
    <subfield code="2">qrmak</subfield>
  </datafield>
  <datafield tag="653" ind1=" " ind2="0">
    <subfield code="a">Biological contol</subfield>
    <subfield code="a">Entomopathogenic nematodes</subfield>
    <subfield code="a">Heterorhabditis alii,</subfield>
    <subfield code="a">Heterorhabditis sp</subfield>
    <subfield code="a">DNA sequencing</subfield>
    <subfield code="a">the Fall Armyworm (FAW)</subfield>
    <subfield code="a">Spodoptera frugiperda</subfield>
  </datafield>
  <datafield tag="700" ind1="0" ind2=" ">
    <subfield code="a">Ahmed Mahmoud Aly Salman</subfield>
    <subfield code="e">thesis advisor.</subfield>
  </datafield>
  <datafield tag="700" ind1="0" ind2=" ">
    <subfield code="a">Ahmed Salah Mohamed Al-Roubi </subfield>
    <subfield code="e">thesis advisor.</subfield>
  </datafield>
  <datafield tag="700" ind1="0" ind2=" ">
    <subfield code="a">Muhammed s. M. Shamseldean </subfield>
    <subfield code="e">thesis advisor.</subfield>
  </datafield>
  <datafield tag="900" ind1=" " ind2=" ">
    <subfield code="b">01-01-2024</subfield>
    <subfield code="c">Ahmed Mahmoud Aly Salman</subfield>
    <subfield code="c">Ahmed Salah Mohamed Al-Roubi </subfield>
    <subfield code="c">Muhammed s. M. Shamseldean </subfield>
    <subfield code="U">Cairo University</subfield>
    <subfield code="F">Faculty of Agriculture </subfield>
    <subfield code="D">Department of Zoology and Agricultural Nematology</subfield>
  </datafield>
  <datafield tag="905" ind1=" " ind2=" ">
    <subfield code="a">Sara</subfield>
    <subfield code="e">Huda</subfield>
  </datafield>
  <datafield tag="942" ind1=" " ind2=" ">
    <subfield code="2">ddc</subfield>
    <subfield code="c">TH</subfield>
    <subfield code="e">21</subfield>
    <subfield code="n">0</subfield>
  </datafield>
  <datafield tag="999" ind1=" " ind2=" ">
    <subfield code="c">170625</subfield>
  </datafield>
  <datafield tag="952" ind1=" " ind2=" ">
    <subfield code="2">ddc</subfield>
    <subfield code="9">304649</subfield>
    <subfield code="a">CUCL</subfield>
    <subfield code="b">cl210</subfield>
    <subfield code="d">2025-02-05</subfield>
    <subfield code="i">90536</subfield>
    <subfield code="o">Cai01.07.20.Ph.D.2024.Mo.U.</subfield>
    <subfield code="p">01010110090536000</subfield>
    <subfield code="r">2025-02-05 11:09:19</subfield>
    <subfield code="w">2025-02-05</subfield>
    <subfield code="y">TH</subfield>
  </datafield>
</record>
